000 00460nam a2200157Ia 4500
008 220216s9999 xx 000 0 und d
100 _aNair V K B
245 0 _aBreeding improved Hevea clones in India
260 _bProceedings of the International Rubber Conference, Kuala Lumpur. V.2, 1975; p45-54
650 _aHevea brasiliensis
650 _aHevea breeding
650 _aIndia
700 _aGeorge P J
700 _aSaraswathyamma C K
942 _cJS
999 _c54948
_d54948